[Event "FIN-chT 1819"]
[Site "Finland"]
[Date "2019.02.09"]
[Round "7.8"]
[White "Linden, Lari"]
[Black "Nieminen, Samuli"]
[Result "1-0"]
[WhiteElo "2130"]
[BlackElo "2187"]
[PlyCount "67"]
[EventDate "2018.09.15"]
[EventType "team-tourn"]
[EventRounds "11"]
[EventCountry "FIN"]
[SourceTitle "CBM 189 Extra"]
[Source "ChessBase"]
[SourceDate "2019.06.03"]
[SourceVersion "1"]
[SourceVersionDate "2019.06.03"]
[SourceQuality "1"]
[WhiteTeam "Turku TuTS"]
[BlackTeam "Tampere Tammer"]
[WhiteTeamCountry "FIN"]
[BlackTeamCountry "FIN"]

1. d4 Nf6 2. c4 e6 3. g3 d5 4. Nf3 Bb4+ 5. Bd2 Be7 6. Bg2 0-0 7. cxd5 exd5 8. Nc3 c6 9. Qc2 Bg4 10. Ne5 Be6 11. 0-0 Nbd7 12. f4 g6 13. h3 Qb6 14. Be3 Nxe5 15. fxe5 Nh5 16. Kh2 f6 17. exf6 Bd6 18. Rf3 Qc7 19. Kg1 Nxg3 20. Bh6 Rf7 21. Qd2 Nh5 22. e4 Bh2+ 23. Kh1 Ng3+ 24. Rxg3 Bxg3 25. e5 Qd7 26. Qg5 Bf2 27. Qf4 Bxd4 28. Qxd4 Bxh3 29. Re1 Re8 30. Re3 Bxg2+ 31. Kxg2 Qf5 32. Ne2 b6 33. b4 Kh8 34. b5 1-0

[Event "FIN-chT1B 1718"]
[Site "Finland"]
[Date "2017.10.22"]
[Round "3.1"]
[White "Nieminen, Samuli"]
[Black "Raivio, Pertti"]
[Result "1-0"]
[WhiteElo "2169"]
[BlackElo "1906"]
[PlyCount "50"]
[EventDate "2017.09.16"]
[EventType "team-tourn"]
[EventRounds "7"]
[EventCountry "FIN"]
[SourceTitle "EXT 2020"]
[Source "ChessBase"]
[SourceDate "2019.10.17"]
[SourceVersion "1"]
[SourceVersionDate "2019.10.17"]
[SourceQuality "1"]
[WhiteTeam "Tampere Tammer II"]
[BlackTeam "Espoo ESK"]
[WhiteTeamCountry "FIN"]
[BlackTeamCountry "FIN"]

1. d4 d5 2. c4 c6 3. Nf3 Nf6 4. Qc2 e6 5. Bg5 Nbd7 6. cxd5 exd5 7. Nc3 Be7 8. e3 h6 9. Bh4 0-0 10. Bd3 Re8 11. 0-0 Nf8 12. Rab1 Nh5 13. Bxe7 Qxe7 14. b4 a6 15. a4 Be6 16. Ne5 Nf6 17. Rfc1 N6d7 18. Nxd7 Nxd7 19. Ne2 Nf6 20. Qc5 Qc7 21. b5 axb5 22. axb5 Bd7 23. bxc6 Bxc6 24. h3 Qd7 25. Nc3 Ra5 1-0

[Event "FIN-chT 1617"]
[Site "Finland"]
[Date "2016.12.10"]
[Round "5.8"]
[White "Puuska, Heini"]
[Black "Nieminen, Samuli"]
[Result "1/2-1/2"]
[WhiteElo "1926"]
[BlackElo "2148"]
[PlyCount "97"]
[EventDate "2016.09.17"]
[EventType "team-tourn"]
[EventRounds "11"]
[EventCountry "FIN"]
[SourceTitle "EXT 2018"]
[Source "ChessBase"]
[SourceDate "2017.10.13"]
[SourceVersion "1"]
[SourceVersionDate "2017.10.13"]
[SourceQuality "1"]
[WhiteTeam "Helsinki Velhot"]
[BlackTeam "Tampere Tammer"]
[WhiteTeamCountry "FIN"]
[BlackTeamCountry "FIN"]

1. d4 Nf6 2. Nf3 d5 3. c4 e6 4. cxd5 exd5 5. Bg5 c6 6. Nc3 Be7 7. Qc2 g6 8. e4 dxe4 9. Bxf6 Bxf6 10. Qxe4+ Kf8 11. Bc4 Kg7 12. 0-0 Re8 13. Qf4 Be6 14. Bxe6 Rxe6 15. Rfd1 Qd6 16. Qd2 Na6 17. d5 Ree8 18. dxc6 Qxc6 19. Qd5 Rac8 20. Qxc6 Rxc6 21. Nd4 Rc4 22. Ndb5 Re6 23. Rd6 Bxc3 24. Rxe6 Bxb2 25. Ree1 Bxa1 26. Rxa1 Ra4 27. Nxa7 Nb4 28. Nb5 Rxa2 29. Rb1 Nc2 30. Kf1 Ra1 31. Rxa1 Nxa1 32. Nd4 Kf6 33. Ke2 Ke5 34. Kd3 Kd5 35. Kc3 Ke4 36. Nf3 f6 37. Nd2+ Kd5 38. Nf3 b5 39. Kb2 Ke4 40. Ne1 Kd4 41. g4 b4 42. h4 Ke4 43. h5 g5 44. Ng2 f5 45. gxf5 Kxf5 46. Ne3+ Kf4 47. Nd5+ Ke5 48. Ne3 Kf4 49. Nd5+ 1/2-1/2

[Event "EU-Cup 32nd"]
[Site "Novi Sad"]
[Date "2016.11.11"]
[Round "6.6"]
[White "Nieminen, Samuli"]
[Black "Loo, Bernd"]
[Result "1-0"]
[WhiteElo "2161"]
[BlackElo "1852"]
[PlyCount "97"]
[EventDate "2016.11.06"]
[EventType "team-swiss"]
[EventRounds "7"]
[EventCountry "SRB"]
[SourceTitle "CBM 176"]
[Source "ChessBase"]
[SourceDate "2017.01.17"]
[SourceVersion "1"]
[SourceVersionDate "2017.01.17"]
[SourceQuality "1"]
[WhiteTeam "Tammer Shakki"]
[BlackTeam "Echternach Sprenger"]
[WhiteTeamCountry "FIN"]
[BlackTeamCountry "LUX"]

1. d4 d5 2. Nf3 c6 3. c4 e6 4. Bg5 Be7 5. Bxe7 Qxe7 6. e3 f5 7. Qc2 Nf6 8. Nc3 0-0 9. Bd3 a6 10. 0-0 b5 11. b3 Nbd7 12. a4 b4 13. Ne2 Bb7 14. a5 c5 15. cxd5 Bxd5 16. Nd2 cxd4 17. exd4 Rfc8 18. Nc4 Ne4 19. f3 Nd6 20. Rfe1 Qg5 21. Qd2 Qxd2 22. Nxd2 Nb5 23. Nc4 Rc6 24. Ra4 g6 25. Rxb4 e5 26. Ne3 Nc3 27. Nxd5 Nxd5 28. Bc4 Rxc4 29. Rxc4 Rb8 30. Nc3 Nxc3 31. Rxc3 exd4 32. Rd3 Rb4 33. Red1 Nc5 34. Rxd4 Rxd4 35. Rxd4 Nxb3 36. Ra4 Kf7 37. Ra3 Nd4 38. Rd3 Nc6 39. Rd7+ Ke6 40. Rxh7 Nxa5 41. Ra7 Kd5 42. Rxa6 Nc6 43. Kf2 g5 44. Rxc6 Kxc6 45. f4 g4 46. Ke3 Kc5 47. h3 gxh3 48. gxh3 Kd5 49. Kd3 1-0

[Event "EU-Cup 32nd"]
[Site "Novi Sad"]
[Date "2016.11.06"]
[Round "1.5"]
[White "Geller, Jakov"]
[Black "Nieminen, Samuli"]
[Result "1-0"]
[WhiteElo "2488"]
[BlackElo "2161"]
[PlyCount "65"]
[EventDate "2016.11.06"]
[EventType "team-swiss"]
[EventRounds "7"]
[EventCountry "SRB"]
[SourceTitle "CBM 176"]
[Source "ChessBase"]
[SourceDate "2017.01.17"]
[SourceVersion "1"]
[SourceVersionDate "2017.01.17"]
[SourceQuality "1"]
[WhiteTeam "Zhiguli"]
[BlackTeam "Tammer Shakki"]
[WhiteTeamCountry "RUS"]
[BlackTeamCountry "FIN"]

1. e4 c6 2. d4 d5 3. e5 Bf5 4. Nf3 e6 5. Be2 Bb4+ 6. c3 Ba5 7. 0-0 Nd7 8. Nbd2 Bc7 9. Ne1 Ne7 10. b4 0-0 11. a4 f6 12. f4 a5 13. b5 c5 14. Ndf3 Kh8 15. Be3 c4 16. Nd2 Qe8 17. g4 Bg6 18. Ng2 Bf7 19. Qe1 Bg8 20. Bd1 fxe5 21. fxe5 Rxf1+ 22. Nxf1 Qf7 23. Ra2 Rf8 24. h4 Bd8 25. h5 Nc8 26. Nh2 Be7 27. Nf3 Qe8 28. Nf4 Bf7 29. Rh2 h6 30. Bc2 Bd8 31. Qd2 Ne7 32. Nh4 Kg8 33. Bb1 1-0

[Event "FIN-chT 1516"]
[Site "Finland"]
[Date "2015.09.13"]
[Round "2.8"]
[White "Nieminen, Samuli"]
[Black "Von Wright, Aarne"]
[Result "1/2-1/2"]
[WhiteElo "2141"]
[BlackElo "2133"]
[PlyCount "41"]
[EventDate "2015.09.12"]
[EventType "team-tourn"]
[EventRounds "11"]
[EventCountry "FIN"]
[SourceTitle "EXT 2016"]
[Source "ChessBase"]
[SourceDate "2015.10.08"]
[SourceVersion "1"]
[SourceVersionDate "2015.10.08"]
[SourceQuality "1"]
[WhiteTeam "Salo SalSK"]
[BlackTeam "Jyvaskyla JyS"]
[WhiteTeamCountry "FIN"]
[BlackTeamCountry "FIN"]

1. d4 f5 2. c4 Nf6 3. g3 e6 4. Bg2 Be7 5. Nf3 0-0 6. 0-0 d6 7. Nc3 a5 8. a3 Nc6 9. d5 exd5 10. cxd5 Ne5 11. Nd4 Qe8 12. f4 Neg4 13. h3 Nh6 14. Qd3 Qg6 15. Kh2 Re8 16. Bd2 Bd8 17. Rac1 Bd7 18. e3 Qh5 19. Kg1 Ne4 20. Nce2 Qg6 21. Kh2 1/2-1/2

[Event "FIN-chT 1415"]
[Site "Finland"]
[Date "2015.03.14"]
[Round "10.8"]
[White "Hallman, Valo"]
[Black "Nieminen, Samuli"]
[Result "0-1"]
[WhiteElo "2100"]
[BlackElo "2112"]
[PlyCount "142"]
[EventDate "2014.09.27"]
[EventType "team-tourn"]
[EventRounds "11"]
[EventCountry "FIN"]
[SourceTitle "EXT 2016"]
[Source "ChessBase"]
[SourceDate "2015.10.08"]
[SourceVersion "1"]
[SourceVersionDate "2015.10.08"]
[SourceQuality "1"]
[WhiteTeam "Helsinki HSK"]
[BlackTeam "Salo SalSK"]
[WhiteTeamCountry "FIN"]
[BlackTeamCountry "FIN"]

1. Nf3 d5 2. g3 Nf6 3. Bg2 c6 4. d4 Bg4 5. Nbd2 e6 6. 0-0 Nbd7 7. b3 Be7 8. Bb2 0-0 9. c4 h6 10. Re1 Bf5 11. Ne5 a5 12. e3 a4 13. Qe2 Bb4 14. Nxd7 Qxd7 15. Rec1 Ra7 16. Nf1 axb3 17. axb3 Rfa8 18. f3 Bg6 19. Rxa7 Rxa7 20. Ra1 Rxa1 21. Bxa1 Qc7 22. Qa2 Qa5 23. Qb2 Bd3 24. c5 Be1 25. g4 Qb4 26. Ng3 Bxg3 27. hxg3 Qe1+ 28. Kh2 Qxe3 29. Qc3 Qe2 30. Bb2 Nh7 31. Bc1 Qd1 32. b4 Bf1 33. Qd2 Qxd2 34. Bxd2 Bxg2 35. Kxg2 Nf8 36. Bf4 Nd7 37. Bd6 f6 38. f4 Kf7 39. Kf3 e5 40. Ke3 exd4+ 41. Kxd4 g6 42. Bc7 Nf8 43. Bd6 Ne6+ 44. Ke3 h5 45. gxh5 gxh5 46. f5 Ng7 47. Kf4 d4 48. Bc7 d3 49. Ke3 Nxf5+ 50. Kxd3 Ke6 51. Kc4 Ne3+ 52. Kb3 Kd5 53. Ka4 Kc4 54. Ka5 Nd5 55. Bd6 f5 56. Bf8 Nxb4 57. Kb6 Kd5 58. Kxb7 Nd3 59. Kb6 f4 60. gxf4 Nxf4 61. Bd6 Ne6 62. Be7 Ng7 63. Bd6 Nf5 64. Kc7 h4 65. Kd7 h3 66. Bf4 Ne3 67. Bxe3 h2 68. Bf4 h1Q 69. Bd6 Qh7+ 70. Kc8 Qa7 71. Kd8 Qb7 0-1

[Event "FIN-chT 1415"]
[Site "Finland"]
[Date "2014.11.16"]
[Round "6.6"]
[White "Nieminen, Samuli"]
[Black "Ahvenjarvi, Jani"]
[Result "0-1"]
[WhiteElo "2112"]
[BlackElo "2246"]
[PlyCount "30"]
[EventDate "2014.09.27"]
[EventType "team-tourn"]
[EventRounds "11"]
[EventCountry "FIN"]
[SourceTitle "EXT 2016"]
[Source "ChessBase"]
[SourceDate "2015.10.08"]
[SourceVersion "1"]
[SourceVersionDate "2015.10.08"]
[SourceQuality "1"]
[WhiteTeam "Salo SalSK"]
[BlackTeam "Tampere Tammer"]
[WhiteTeamCountry "FIN"]
[BlackTeamCountry "FIN"]

1. d4 Nf6 2. Nf3 e6 3. c4 b6 4. e3 Bb7 5. Bd3 d5 6. Nc3 Bd6 7. 0-0 0-0 8. b3 Nbd7 9. Nb5 Be7 10. cxd5 exd5 11. Ba3 c5 12. Rc1 a6 13. Nc3 g6 14. Qe2 c4 15. Bxe7 cxd3 0-1

[Event "Helsinki We Garde 2nd"]
[Site "Helsinki"]
[Date "2011.??.??"]
[Round "1"]
[White "Nieminen, Samuli"]
[Black "Kangas, Lauri"]
[Result "0-1"]
[WhiteElo "2082"]
[BlackElo "2067"]
[PlyCount "86"]
[EventDate "2011.??.??"]
[EventType "swiss"]
[EventRounds "5"]
[EventCountry "FIN"]
[SourceTitle "EXT 2022"]
[Source "ChessBase"]
[SourceDate "2021.10.06"]
[SourceVersion "1"]
[SourceVersionDate "2021.10.06"]
[SourceQuality "1"]

1. d4 d5 2. c4 e6 3. Nc3 Nf6 4. Bg5 c6 5. e3 Nbd7 6. cxd5 exd5 7. Qc2 Be7 8. Bd3 0-0 9. Nf3 Re8 10. h3 Nf8 11. Bf4 Ng6 12. Be5 Bd6 13. Bxd6 Qxd6 14. 0-0 Bd7 15. b4 Re7 16. b5 c5 17. dxc5 Qxc5 18. Rac1 Rc8 19. Qd2 Rd8 20. Ne4 Nxe4 21. Bxe4 Qxb5 22. Qxd5 Qxd5 23. Bxd5 Bxh3 24. gxh3 Rxd5 25. Rc8+ Nf8 26. Ra8 a6 27. Rc1 f6 28. Rcc8 Rf7 29. Nd4 Rd6 30. Nf5 Rdd7 31. f4 b5 32. Rxa6 Ra7 33. Rb6 Rfb7 34. Re6 Rc7 35. Rxc7 Rxc7 36. Rb6 Rc1+ 37. Kf2 Rc2+ 38. Kf3 Rxa2 39. Rb7 g6 40. Nh6+ Kh8 41. Rxb5 Ra7 42. Ng4 Kg7 43. Rb6 Nd7 0-1

[Event "Heart of Finland op 20th"]
[Site "Jyvaskyla"]
[Date "2010.07.11"]
[Round "9"]
[White "Nevanlinna, Risto"]
[Black "Nieminen, Samuli"]
[Result "1-0"]
[WhiteElo "2259"]
[BlackElo "2062"]
[PlyCount "80"]
[EventDate "2010.07.05"]
[EventType "swiss"]
[EventRounds "9"]
[EventCountry "FIN"]
[SourceTitle "CBM 137 Extra"]
[Source "ChessBase"]
[SourceDate "2010.09.01"]
[SourceVersion "1"]
[SourceVersionDate "2010.09.01"]
[SourceQuality "1"]

1. e4 c6 2. d4 d5 3. Nd2 dxe4 4. Nxe4 Bf5 5. Ng3 Bg6 6. h4 h6 7. Nf3 Nd7 8. h5 Bh7 9. Bd3 Bxd3 10. Qxd3 e6 11. Bd2 Be7 12. 0-0-0 Ngf6 13. Ne4 Nxe4 14. Qxe4 Nf6 15. Qe2 Qd5 16. c4 Qe4 17. Be3 b5 18. Qc2 0-0 19. Ne5 Rac8 20. g4 Qxc2+ 21. Kxc2 c5 22. g5 hxg5 23. Bxg5 cxd4 24. h6 g6 25. Rxd4 Rfe8 26. Rf4 Nh7 27. Rxf7 Bf8 28. Be3 Rxc4+ 29. Nxc4 Kxf7 30. Ne5+ Kf6 31. Bd4 Kf5 32. Rg1 g5 33. Kd3 Rd8 34. Rg3 g4 35. Nxg4 e5 36. Nxe5 Bc5 37. Nf3 Rd6 38. Rg7 Bxd4 39. Nxd4+ Ke5 40. Re7+ Kf6 1-0

[Event "Helsinki HSL Easter Group A 4th"]
[Site "Helsinki"]
[Date "2010.04.??"]
[Round "6"]
[White "Nieminen, Samuli"]
[Black "Tuovinen, Jukka"]
[Result "0-1"]
[WhiteElo "2064"]
[BlackElo "2171"]
[PlyCount "62"]
[EventDate "2010.04.01"]
[EventType "swiss"]
[EventRounds "7"]
[EventCountry "FIN"]
[SourceTitle "EXT 2022"]
[Source "ChessBase"]
[SourceDate "2021.10.06"]
[SourceVersion "1"]
[SourceVersionDate "2021.10.06"]
[SourceQuality "1"]

1. d4 Nf6 2. c4 e6 3. Nf3 b6 4. e3 Bb7 5. Bd3 Be7 6. 0-0 0-0 7. Nc3 d5 8. cxd5 exd5 9. b3 Nbd7 10. Bb2 c5 11. Rc1 Rc8 12. Qe2 Re8 13. Rfd1 Bf8 14. dxc5 bxc5 15. Ba6 Qb6 16. Bxb7 Qxb7 17. Qd2 Nb6 18. Ne2 Ne4 19. Qd3 c4 20. Qb1 Nc5 21. bxc4 dxc4 22. Nf4 Nba4 23. Bd4 Qxb1 24. Rxb1 c3 25. Rbc1 Na6 26. Nd5 Red8 27. e4 f5 28. Be3 fxe4 29. Ne1 Ba3 30. Rc2 Nb4 31. Ne7+ Kf7 0-1

[Event "Turku We TSY"]
[Site "Turku"]
[Date "2010.??.??"]
[Round "2"]
[White "Nieminen, Samuli"]
[Black "Sammalvuo, Tapani"]
[Result "0-1"]
[WhiteElo "2064"]
[BlackElo "2483"]
[PlyCount "60"]
[EventDate "2010.??.??"]
[EventType "swiss"]
[EventRounds "5"]
[EventCountry "FIN"]
[SourceTitle "EXT 2022"]
[Source "ChessBase"]
[SourceDate "2021.10.06"]
[SourceVersion "1"]
[SourceVersionDate "2021.10.06"]
[SourceQuality "1"]

1. d4 e6 2. c4 Nf6 3. Nf3 b6 4. e3 Bb7 5. Bd3 d5 6. 0-0 Bd6 7. b3 0-0 8. Bb2 Nbd7 9. Nc3 a6 10. Rc1 Qe7 11. cxd5 exd5 12. Bf5 g6 13. Bh3 h5 14. Qc2 Ng4 15. Ne2 Ndf6 16. Ne5 Bc8 17. Nf4 c5 18. Bxg4 hxg4 19. Nfxg6 fxg6 20. Nxg6 Qh7 21. g3 Rf7 22. dxc5 bxc5 23. f3 Qh6 24. Nf4 Bxf4 25. exf4 gxf3 26. Bxf6 Qxf6 27. Qxc5 Bh3 28. Rxf3 Rc8 29. Qe3 Rxc1+ 30. Qxc1 Qd4+ 0-1